| 000 | 00479nam a2200169Ia 4500 | ||
|---|---|---|---|
| 008 | 140925s9999 xx 000 0 und d | ||
| 020 | _a1448-4404 | ||
| 245 |
_aPrism online Journal / _h[electronic resource] |
||
| 260 | _bPrism Journal, | ||
| 516 | _aElectronic text | ||
| 650 | _aMass Communication. | ||
| 650 | _aOnline Journals. | ||
| 830 | _aPrism Online Journal | ||
| 856 | _uhttp://www.prismjournal.org/homepage.html | ||
| 942 | _cEJ | ||
| 999 |
_c275604 _d275604 |
||